|
|
|
|
| LEADER |
00000nas a22000007a 4500 |
| 001 |
ssj0012647 |
| 003 |
WaSeSS |
| 005 |
20200512172242.0 |
| 006 |
m d |
| 007 |
cr n |
| 008 |
050614c19919999maubr p s 0 a0eng c |
| 010 |
|
|
|a 2008212282
|
| 022 |
|
|
|a 1943-328X
|l 1054-8793
|y 1054-8793
|
| 035 |
|
|
|a (WaSeSS)ssj0012647
|
| 040 |
|
|
|a OCLCS
|b eng
|c OCLCS
|d NSD
|d OCLCQ
|d OCLCF
|d OCLCO
|d OCLCQ
|d OCLCO
|d CUS
|d NTG
|d WaSeSS
|
| 042 |
|
|
|a nsdp
|a pcc
|
| 050 |
|
4 |
|a TH9111
|b .N3
|
| 082 |
1 |
4 |
|a 628
|2 12
|
| 222 |
|
0 |
|a NFPA journal
|b (Online)
|
| 245 |
0 |
0 |
|a NFPA journal
|h [electronic resource] :
|b the official magazine of the National Fire Protection Association.
|
| 246 |
3 |
|
|a National Fire Protection Association journal
|
| 260 |
|
|
|a Quincy, Mass. :
|b National Fire Protection Association
|
| 310 |
|
|
|a Bimonthly
|
| 362 |
1 |
|
|a Print began with vol. 85, no. 1 (Jan./Feb. 1991).
|
| 506 |
|
|
|a License restrictions may limit access.
|
| 580 |
|
|
|a Formed by the union of: Fire journal (Boston, Mass.), and: Fire command (Quincy, Mass.).
|
| 588 |
|
|
|a Description based on PDF printout of 1st issue.
|
| 650 |
|
0 |
|a Fire prevention
|v Periodicals.
|
| 650 |
|
0 |
|a Fire extinction
|v Periodicals.
|
| 650 |
|
7 |
|a Fire extinction.
|2 fast
|0 (OCoLC)fst00925322
|
| 650 |
|
7 |
|a Fire prevention.
|2 fast
|0 (OCoLC)fst00925460
|
| 655 |
|
0 |
|a Electronic journals.
|
| 710 |
2 |
|
|a National Fire Protection Association.
|
| 776 |
0 |
8 |
|i Print version:
|t NFPA journal
|x 1054-8793
|w (DLC) 91642604
|w (OCoLC)23004557
|
| 780 |
1 |
4 |
|t Fire journal
|x 0015-2617
|w (DLC) 87657266
|w (OCoLC)1361012
|
| 780 |
1 |
4 |
|t Fire command
|x 0746-9586
|w (DLC) 84651024
|w (OCoLC)10335740
|
| 856 |
4 |
0 |
|z Full text available from Research Library: 09/01/1996 to present
|u https://search.proquest.com/publication/31715
|